000 00592nam a2200169Ia 4500
005 20250423101722.0
008 250422s9999 xx 000 0 und d
020 _a978- 0- 9819242- 3- 6
050 _aBF 637 .S8 C65/
100 _aColan, Lee J. (Lee Joseph)
245 0 _aWinners always quit : seven pretty good habits you can swap for really great results : what you're doing today may keep you from winning tomorrow!
260 _bCornerstone leadership institute, inc.
260 _c2009
300 _a91 p
650 _aSuccess Success in business Strategic planning
942 _cBK
999 _c37072
_d37072